Figure Out the Lyrics: TV Theme II Quiz Stats

Quiz Updated Oct 18, 2016

Challenge
Share
Tweet
Embed
Score 0/126 Timer 05:00
10 Plays Today
% Correct
I
96.4%
I
96.4%
I
96.4%
I
96.4%
I
96.4%
I
96.4%
a
95.6%
a
95.6%
a
95.6%
a
95.6%
a
95.5%
a
95.5%
the
92.2%
the
92.2%
the
92.2%
it
77.5%
it
77.5%
it
77.5%
it
77.5%
it
77.5%
It
77.5%
it
77.5%
it
77.4%
it
77.4%
be?
75.5%
be?
75.4%
me,
73.7%
me.
73.7%
me
73.6%
me.
73.6%
and
71.8%
and
71.8%
to
68.3%
on
67.3%
on
67.3%
on
67.3%
on
67.3%
on
67.3%
could
59.7%
could
59.7%
could
59.7%
could
59.7%
% Correct
Who
59%
Who
59%
in,
58.6%
me
55.6%
of
55.2%
of
55.2%
of
55.2%
of
55.2%
of
55.1%
so
54.1%
so
54%
not,
51.1%
not,
51.1%
not,
51.1%
not,
51.1%
or
47.8%
or
47.8%
or
47.8%
or
47.8%
it's
44%
it's
44%
Just
42.3%
just
42.1%
just
42%
I'm
41.4%
I'm
41.4%
I'm
41.4%
Believe
39.3%
Believe
39.3%
believe
39.2%
Believe
39.2%
Believe
39.2%
my
38.9%
at
38.6%
was
38.5%
world,
32.8%
can't
32.5%
never
31.4%
never
31.4%
air.
30.5%
air.
30.5%
walking
30%
% Correct
walking
30%
thought
29.4%
thought
29.4%
prayer.
29%
prayer.
29%
feel
28.5%
feel
28.4%
wing
28.1%
wing
28.1%
up
27.7%
top
27.7%
like
27.3%
day,
27.1%
Look
26.6%
free.
25.7%
free.
25.7%
from
25.2%
all
25.1%
Flying
22.9%
Flying
22.8%
out
22.8%
out
22.8%
come
21.7%
away
20.7%
away
20.6%
been
19.9%
happened
14.7%
what's
13.4%
new
13%
myself.
12.6%
blue.
12.2%
Suddenly
10.8%
else.
10.8%
somebody
10.8%
true.
10.7%
hit
10.4%
Making
9.4%
should've
8.5%
light
7.6%
wishes
6.7%
spell
4.9%
Breaking
4.4%

You're not logged in!

Compare scores with friends on all Sporcle quizzes.
Sign Up with Email
OR
Log In

You Might Also Like...

Show Comments

Extras

Top Quizzes Today


Score Distribution

Your Account Isn't Verified!

In order to create a playlist on Sporcle, you need to verify the email address you used during registration. Go to your Sporcle Settings to finish the process.